Click the Vampire Quiz Stats

 Plays Quiz Updated Oct 24, 2014

Challenge
Share
Tweet
Embed
Score 0/20 Timer 06:00
0 Plays Today
% Correct
Count Dracula
94.5%
Edward Cullen
87.5%
Blacula
83.7%
Count von Count
82.9%
Blade
75.8%
Count Orlok
75.3%
Lestat de Lioncourt
75%
Bunnicula
73.1%
Spike
66.8%
Barnabas Collins
63.4%
% Correct
Damon Salvatore
61%
Lily Munster
60.6%
Eric Northman
53.7%
Lucy Westenra
52%
Schuyler Van Alen
50.6%
Vicente
49.6%
Marceline
49%
Kurt Barlow
43.1%
Jerry Dandridge
36.8%
Zoey Redbird
36%

You're not logged in!

Compare scores with friends on all Sporcle quizzes.
OR
Log In

You Might Also Like...

Show Comments

Extras

Top Quizzes Today


Score Distribution

Your Account Isn't Verified!

In order to create a playlist on Sporcle, you need to verify the email address you used during registration. Go to your Sporcle Settings to finish the process.

Report this User

Report this user for behavior that violates our Community Guidelines.

Details: